MARC

Tag First Indicator Second Indicator Subfields
LEADER 00000nam a2200000 i 4500
001 in00004065621
005 20190805134455.0
006 m o d f
007 cr |||||||||||
008 190423s1988 dcu ob f000 0 eng c
035 |a (OCoLC)on1098180249 
042 |a pcc 
043 |a n-us--- 
040 |a GPO  |b eng  |e rda  |e pn  |c GPO  |d MvI 
049 |a WWW 
074 |a 0546-D-01 (online) 
086 0 |a GA 1.5/2:T-AFMD-88-16 
110 1 |a United States.  |b General Accounting Office,  |e author. 
245 1 0 |a Ten-year perspective on federal inspectors general /  |c statement of Frederick D. Wolf, Director, Accounting and Financial Management Division, before the Subcommittee on Legislation and National Security, Committee on Government Operations, House of Representatives. 
246 3 |a 10-year perspective on federal inspectors general 
264 1 |a [Washington, D.C.] :  |b United States General Accounting Office,  |c 1988. 
300 |a 1 online resource (28 pages). 
336 |a text  |b txt  |2 rdacontent 
337 |a computer  |b c  |2 rdamedia 
338 |a online resource  |b cr  |2 rdacarrier 
490 1 |a Testimony ;  |v T-AFMD-88-16 
500 |a "For release on delivery expected at 10:00 a.m. EDT Thursday August 4, 1988." 
504 |a Includes bibliographical references (pages 22-26). 
588 |a Description based on online resource, PDF version; title from cover (GAO, viewed April 22, 2019). 
610 1 0 |a United States.  |t Inspector General Act of 1978. 
650 0 |a Administrative agencies  |z United States  |x Auditing. 
650 0 |a Government investigators  |z United States. 
650 0 |a Auditing, Internal  |z United States  |x Evaluation. 
650 0 |a Waste in government spending  |z United States  |x Prevention. 
700 1 |a Wolf, Frederick D.,  |e author. 
710 1 |a United States.  |b Congress.  |b House.  |b Committee on Government Operations.  |b Legislation and National Security Subcommittee,  |e sponsoring body. 
776 0 8 |i Print version:  |a Wolf, Frederick D.  |t Ten-year perspective on federal inspectors general  |w (OCoLC)21566014 
830 0 |a Testimony ;  |v T-AFMD-88-16. 
856 4 0 |u https://purl.fdlp.gov/GPO/gpo119359  |t 0 
999 f f |s e7ef41f7-e5a9-3a3e-8d34-67380faff902  |i 58f1beda-7b3c-3d56-ab8e-587405e601d9  |t 0 
952 f f |a Texas A&M University  |b College Station  |c Electronic Resources  |d Available Online  |t 0  |e GA 1.5/2:T-AFMD-88-16  |h Superintendent of Documents classification 
998 f f |a GA 1.5/2:T-AFMD-88-16  |t 0  |l Available Online